| 000 | 01501cad a22002415a 4500 | ||
|---|---|---|---|
| 001 | L152966 | ||
| 008 | 110518e20100617xxk 000 0 eng d | ||
| 035 | _a(Sirsi) u152966 | ||
| 041 | 0 | _aeng | |
| 245 | 0 | 0 | _aQFS Scaffolding Limited v Richard Douglas, Jon Sable and Ann Christine Sable |
| 260 | _c2010 | ||
| 520 | _a[2010] EWCA Civ 682, 17 June 2010. In what circumstances can lease surrender by operation of law occur?. Appellant (Q) aimed to take over the business of London Demolition (LD) who leased a yard from respondent landlords (S). LD went into administration. Q failing to negotiate a new lease from S sought assignment of LD?s existing lease. S proceedings against Q for possession of the property as LD?s lease had been surrendered by operation of law were upheld by CC. Q appealed. ?Held?: CA found for Q. The LD lease had not been surrendered so Q who was not a tenant at will could not be forced to leave. | ||
| 590 | _aKA | ||
| 650 | 2 | 4 | _aQFS SCAFFOLDING LTD V RICHARD SABLE AND ANOR |
| 650 | 2 | 4 | _aJAVAD V AQIL |
| 650 | 2 | 4 | _aPROUDREED LTD V MICROGEN HOLDINGS PLC |
| 650 | 2 | 4 | _aBELCOURT ESTATES LTD V ADESINA |
| 650 | 2 | 4 | _aARTWORLD FINANCIAL CORPORATION V SAFARYAN AND ORS |
| 651 | 4 |
_aEngland and Wales _y1543- |
|
| 690 | _aPROPERTY-COMMERCIAL PROPERTY-LEASEHOLD COMMERCIAL PROPERTY-COMMERCIAL LANDLORD AND TENANT-COMMERCIAL LEASES | ||
| 856 | 4 | 0 |
_uhttps://www.bailii.org/ew/cases/EWCA/Civ/2010/682.html _zView the law report free of charge at www.bailii.org |
| 942 | _n0 | ||
| 999 |
_c83151 _d83151 |
||